<?xml version="1.0" encoding="UTF-8"?>
<record
    xmlns:xsi="http://www.w3.org/2001/XMLSchema-instance"
    xsi:schemaLocation="http://www.loc.gov/MARC21/slim http://www.loc.gov/standards/marcxml/schema/MARC21slim.xsd"
    xmlns="http://www.loc.gov/MARC21/slim">

  <leader>01121nam a22001457a 4500</leader>
  <datafield tag="999" ind1=" " ind2=" ">
    <subfield code="c">525955</subfield>
    <subfield code="d">525955</subfield>
  </datafield>
  <controlfield tag="008">240426b           ||||| |||| 00| 0 eng d</controlfield>
  <datafield tag="100" ind1=" " ind2=" ">
    <subfield code="a">Atal, Juan Pablo et al  </subfield>
    <subfield code="9">51910</subfield>
  </datafield>
  <datafield tag="245" ind1=" " ind2=" ">
    <subfield code="a"> The economics of the public option: Evidence from local pharmaceutical markets</subfield>
  </datafield>
  <datafield tag="260" ind1=" " ind2=" ">
    <subfield code="a">The American Economic Review  </subfield>
  </datafield>
  <datafield tag="300" ind1=" " ind2=" ">
    <subfield code="a">114(3), Mar, 2024: p.615-644</subfield>
  </datafield>
  <datafield tag="520" ind1=" " ind2=" ">
    <subfield code="a">We study the effects of competition by state-owned firms, leveraging the decentralized entry of public pharmacies to local markets in Chile. Public pharmacies sell the same drugs at a third of private pharmacy prices, because of stronger upstream bargaining and market power in the private sector, but are of lower quality. Public pharmacies induced market segmentation and price increases in the private sector, which benefited the switchers to the public option but harmed the stayers. The countrywide entry of public pharmacies would reduce yearly consumer drug expenditure by 1.6 percent.- Reproduced 

https://www.aeaweb.org/articles?id=10.1257/aer.20211547
</subfield>
  </datafield>
  <datafield tag="773" ind1=" " ind2=" ">
    <subfield code="a">The American Economic Review  </subfield>
  </datafield>
  <datafield tag="906" ind1=" " ind2=" ">
    <subfield code="a">ECONOMICS</subfield>
  </datafield>
  <datafield tag="942" ind1=" " ind2=" ">
    <subfield code="c">AR</subfield>
  </datafield>
  <datafield tag="952" ind1=" " ind2=" ">
    <subfield code="0">0</subfield>
    <subfield code="1">0</subfield>
    <subfield code="2">ddc</subfield>
    <subfield code="4">0</subfield>
    <subfield code="7">0</subfield>
    <subfield code="9">401009</subfield>
    <subfield code="a">IIPA</subfield>
    <subfield code="b">IIPA</subfield>
    <subfield code="d">2024-04-26</subfield>
    <subfield code="h">114(3), Mar, 2024: p.615-644</subfield>
    <subfield code="p">AR131748</subfield>
    <subfield code="r">2024-04-26</subfield>
    <subfield code="y">AR</subfield>
  </datafield>
</record>
